| 000 | 00333nam a2200121Ia 4500 | ||
|---|---|---|---|
| 008 | 150202s9999 xx 000 0 und d | ||
| 050 |
_aFIC _bFIC |
||
| 100 | _aMichener, James A. | ||
| 245 | 4 |
_aThe drifters / _cJames A. Michener. |
|
| 260 |
_aNew York : _bCrest Books, _c1971. |
||
| 300 |
_a768 pages : _c18 cm. |
||
| 650 | _aFiction. | ||
| 999 |
_c282247 _d282247 |
||